Statistics for Countries Where Christianity is the Official Religion

Click here to take the quiz!

General Stats

  • This quiz has been taken 380 times
  • The average score is 6 of 13

Answer Stats

ReligionCountry% Correct
CatholicVatican City
90%
OrthodoxGreece
75%
LutheranDenmark
63%
LutheranNorway
63%
LutheranIceland
52%
CatholicMonaco
47%
CatholicLiechtenstein
44%
CatholicMalta
42%
MethodistTonga
20%
CongregationalistTuvalu
19%
CatholicCosta Rica
18%
ChristianSamoa
18%
ChristianZambia
12%

Score Distribution

Percentile by Number Answered

Percent of People with Each Score

Your Score History

You have not taken this quiz